Tiempo y espacio en Aristóteles y Kant
Guardat en:
| Autor principal: | |
|---|---|
| Format: | Llibre |
| Idioma: | espanyol |
| Publicat: |
Santiago
Andrés Bello
1982
|
| Matèries: | |
| Etiquetes: |
Afegir etiqueta
Sense etiquetes, Sigues el primer a etiquetar aquest registre!
|
MARC
| LEADER | 00000nam a2200000 a 4500 | ||
|---|---|---|---|
| 001 | UCZ2216 | ||
| 003 | CL-VaPUC | ||
| 008 | 950926e19821100CL |||||||||||||||||spa|d | ||
| 082 | 0 | 4 | |a 115 |b GIA |2 21 |
| 100 | |a Giannini Iñiguez, Humberto |e autor |9 582349 | ||
| 245 | 1 | 0 | |a Tiempo y espacio en Aristóteles y Kant |
| 300 | |a 124 p | ||
| 942 | |c BK | ||
| 945 | |d 19950926 00:00:00 |a cmena | ||
| 260 | |a Santiago |b Andrés Bello |c 1982 | ||
| 600 | 0 | |a Aristóteles, |d 384 a.C.- 322 a.C. |9 194 | |
| 600 | 0 | |a Kant, Immanuel, |d 1724-1804 |9 858687 | |
| 650 | 0 | |a Espacio |9 336785 | |
| 650 | 0 | |a Tiempo |9 267892 | |
| 650 | 0 | |a Ontología |9 256850 | |
| 650 | 0 | |a Metafísica |9 265649 | |
| 650 | 0 | |a Filosofía antigua |9 255705 | |
| 650 | 0 | |a Kantismo |9 311003 | |
| 583 | |a last modification |c 19950926 00:00:00 |k Rodrigo Vera | ||
| 999 | |c 238857 |d 238855 | ||
| 952 | |0 0 |1 0 |4 0 |6 115_000000000000000_GIA_1982 |7 0 |8 A |9 249422 |a BIBEDU |b BIBEDU |d 2019-11-18 |i 1565796 |o 115 GIA 1982 |p 1565796 |r 2019-11-18 |w 2019-11-18 |y BK |k FIL | ||
| 952 | |0 0 |1 0 |4 0 |6 115_000000000000000_GIA_1982 |7 0 |8 A |9 249423 |a BIBEDU |b BIBEDU |d 2019-11-18 |i 1565818 |o 115 GIA 1982 |p 1565818 |r 2019-11-18 |w 2019-11-18 |y BK |k FIL | ||